01589nas a22002417a 4500999001700000005001700017007001200034008004100046022001400087040000900101082001500110245007700125260004100202300001600243310001400259365001600273500089200289650006601181651001601247655002001263856003501283942002901318 c40846d4084620200515100704.0cz aa aaaaa200428c q||poo|||| 00| 0 eng d a2664-7540 coclc a658bJOU/M aInternational Journal of Commerce and Economicshe-Journal (Open Access) bAcademic publicationsaDelhi, India  aPDF(online) aQuarterly eOpen Access aInternational Journal of Commerce and Economics is a peer reviewed, refereed, open access journal that publishes papers on areas of management such as Human Resource Management, Organizational Behavior and Organizational Management, International Business, Knowledge Management, Environmental Management, Data Analysis and Decision Making, Technology and Operations Management, Strategic Decision Making, Negotiations and Competitive Decision Making, Ethics in Management, Corporate Governance, Corporate Social Responsibility, Entrepreneurship and Innovation, Public Management, Rural Management, General Management, Hotel Management, Intellectual Property Rights, Education Management, Communication Management, Lifecycle Management, Spiritual Management, Tourism Management, Hospitality Management, Leisure Management, Inventory Management, Waste Management, Hospital Management, etc. 0aTechnologyvManagementzManagement & auxiliary services92324 092254aIndia 092257ae-Journal uhttp://www.commercejournal.in/ 2ddccEJh658k658mJOU/M